Walt Disney's Winnie the Pooh and Tigger too. (Record no. 335)

MARC details
000 -LEADER
fixed length control field 01047nam a22003257a 4500
001 - CONTROL NUMBER
control field 335
003 - CONTROL NUMBER IDENTIFIER
control field FISKH
005 - DATE AND TIME OF LATEST TRANSACTION
control field 20230324112113.0
008 - FIXED-LENGTH DATA ELEMENTS--GENERAL INFORMATION
fixed length control field 230324b cb ||||| |||| 00| 0 eng d
040 ## - CATALOGING SOURCE
Original cataloging agency DLC
Transcribing agency DLC
Modifying agency DLC
-- FISKH
Language of cataloging eng
042 ## - AUTHENTICATION CODE
Authentication code lcac
050 00 - LIBRARY OF CONGRESS CALL NUMBER
Classification number PZ7
Item number .W729875 1975
082 00 - DEWEY DECIMAL CLASSIFICATION NUMBER
Classification number 823.914
100 ## - MAIN ENTRY--PERSONAL NAME
Personal name Hughs, Margaret
245 00 - TITLE STATEMENT
Title Walt Disney's Winnie the Pooh and Tigger too.
260 ## - PUBLICATION, DISTRIBUTION, ETC.
Place of publication, distribution, etc. Coppenhagen :
Name of publisher, distributor, etc. Egmont.
Date of publication, distribution, etc. 1999
300 ## - PHYSICAL DESCRIPTION
Extent 22 leaves of plates.
Other physical details col. ill. ;
Dimensions 23 cm.
490 0# - SERIES STATEMENT
Series statement Disney's wonderful world of reading ; 35
500 ## - GENERAL NOTE
General note Based on stories written by A. A. Milne.
505 ## - FORMATTED CONTENTS NOTE
Formatted contents note K
520 ## - SUMMARY, ETC.
Summary, etc. Rabbit plans to unbounce Tigger, but he discovers he likes a bouncy Tigger best.
521 8# - TARGET AUDIENCE NOTE
Target audience note 580 <br/>
Source Lexile
521 8# - TARGET AUDIENCE NOTE
Target audience note K <br/>
Source Raz-Plus
650 #1 - SUBJECT ADDED ENTRY--TOPICAL TERM
Topical term or geographic name entry element Friendship
General subdivision Fiction.
700 1# - ADDED ENTRY--PERSONAL NAME
Personal name Milne, A. A.
Fuller form of name (Alan Alexander),
Dates associated with a name 1882-1956.
710 2# - ADDED ENTRY--CORPORATE NAME
Corporate name or jurisdiction name as entry element Walt Disney Productions.
740 ## - ADDED ENTRY--UNCONTROLLED RELATED/ANALYTICAL TITLE
Uncontrolled related/analytical title Winnie the Pooh and Tigger too.
906 ## - LOCAL DATA ELEMENT F, LDF (RLIN)
a 7
b cbc
c orignew
d 1
e ocip
f 19
g y-gencatlg
942 ## - ADDED ENTRY ELEMENTS (KOHA)
Source of classification or shelving scheme Dewey Decimal Classification
Koha item type Books
Suppress in OPAC No
Holdings
Withdrawn status Lost status Source of classification or shelving scheme Damaged status Not for loan Collection Home library Current library Shelving location Date acquired Total Checkouts Full call number Barcode Date last seen Date last checked out Price effective from Koha item type
    Dewey Decimal Classification     Juvenile Fiction Footprints International School Library Network Toul Kork Campus Footprints International School Library Network Toul Kork Campus TK Primary Library Room(4th Floor), Bookcase 3&4, Shelves 17-32, Yellow Books 03/24/2023 3 HUG 823.914 PN1997.W5 2023-0066 10/19/2023 09/28/2023 03/24/2023 Books